Anxious Decades America in Prosperity and Depression 1920-1941

Guardado en:
Detalles Bibliográficos
Autor principal: Parrish, Michael E.
Formato: Libro
Lenguaje:inglés
Publicado: New York Norton and Co. 1992
Edición:1. ed.
Materias:
Etiquetas: Agregar Etiqueta
Sin Etiquetas, Sea el primero en etiquetar este registro!

MARC

LEADER 00000nam a2200000 4500
001 c021486
005 20221206084641.1
020 |a 0-393-03394-5 
041 0 |a eng 
044 |a US 
245 1 0 |a Anxious Decades  |b America in Prosperity and Depression 1920-1941  |c Michael E. Parrish 
250 |a 1. ed. 
264 1 |a New York  |b Norton and Co.  |c 1992 
300 |a 529 s. 
610 2 0 |a dejiny hospodárske 
610 2 0 |a prosperita ekonomická 
610 2 0 |a depresia 
610 2 0 |a USA 
610 2 0 |a 1919-1933 
610 2 0 |a 1933-1945 
100 1 |a Parrish, Michael E.